Paroles Sarah Kyo - Statistiques

Statistiques générales
  • Ce quiz a été pris 67 fois
  • Le résultat moyen est 123 sur 174
Statistiques - réponses
Réponse % Correct
belle
100%
elle
100%
est
100%
ma
100%
sa
100%
Sarah
100%
mais
97%
à
94%
quand
94%
de
90%
seulement
90%
dans
87%
et
84%
pleure
84%
que
84%
son
84%
voit
84%
au
81%
ce
81%
la
81%
le
81%
mère
81%
des
77%
je
77%
les
77%
vu
77%
yeux
77%
fond
74%
j'ai
74%
l'heure
74%
quelque
74%
soit
74%
bien
71%
oh
71%
un
71%
verre
71%
ange
68%
il
68%
peur
68%
feux
65%
mort
65%
nue
65%
par
65%
père
65%
suis
65%
cuisine
61%
depuis
61%
femmes
61%
reve
61%
tellement
61%
triste
61%
trop
61%
voir
61%
dort
58%
était
58%
éteints
58%
fort
58%
lendemains
58%
moi
58%
pourquoi
58%
reine
58%
ses
58%
voix
58%
Alors
55%
alors
55%
car
55%
devant
55%
matin
55%
m'incline
55%
nuque
55%
qu'il
55%
egoiste
52%
eu
52%
mes
52%
ne
52%
peux
52%
vie
52%
vivre
52%
corps
48%
d'un
48%
facile
48%
sous
48%
airs
45%
collés
45%
existe
45%
grands
45%
On
45%
quelqu'un
45%
rien
45%
aujourd'hui
42%
blancs
42%
cerisiers
42%
l'espoir
42%
parfois
42%
partagé
42%
peine
42%
peut
42%
puis
42%
sait
42%
servais
42%
cachée
39%
sourire
39%
tendu
39%
doigts
35%
Aucun quiz correspondant
Distribution des résultats
% des personnes avec chaque résultat
Percentile par nombre de réponses
Votre historique - résultats
Vous n’avez pas pris ce quiz